00530nam a2200181Ia 4500003000400000005001700004008004100021020001800062040001800080041000800098082002100106100001400127245006300141250001200204260005500216300003000271650004700301OSt20230223105439.0210716s2011 xx 000 0 und d a9788120351301 cAIMIT LIBRARY aeng a332.64 22bKEVS aKevin, S. aSecurity analysis and portfolio management /cBy S. Kevin. a2nd ed. aNew Delhi :bPHI Learning private limited ,c2011. axvi,344p. ;bPBc23.5 cm. aInvestment Analysis & Portfolio Management